000 00708nam a22001937a 4500
008 260612b |||||||| |||| 00| 0 eng d
020 _a9780891287698
050 _aHV 1626
_b.F65 2017
245 _aFoundations of education :
_cedited by M. Cay Holbrook...[et al.].
_bhistory and theory of teaching children and youths with visual impairments /
250 _a3rd ed.
260 _aNew York :
_bAFBPress,
_c2017.
300 _axix, 529p. :
_bill. ;
_c24 cm.
504 _ainclude bibliographical references and index.
650 _aspecial education.
700 _aHolbrook M. Cay
700 _aMcCarthy Tessa
700 _aKamei-Hannan Cheryl
942 _2lcc
_cBOOKS
_hHV 1626 .F65 2017
999 _c32521
_d32521